000 00463nam a2200169 i 4500
001 77464
003 ES-MaACL
005 20230906173225.0
007 t|
008 041018s1966 sp ||||1| rus d
100 1 _aMaevskii, Vladimir.
_975419
245 1 4 _aLos rusos en Yugoslavia /
_cVl. Maevskii.
260 _a[Madrid :
_bs.n.],
_c1966 (
_fGalo Sèz)
300 _a362 p., 2 h. ;
_c23 cm.
500 _aTexto en ruso.
852 _aES-MaACL
_jC-30172
_bR.59762
999 _c77464
_d77464